| 000 | 00654cam a2200169 4500 | ||
|---|---|---|---|
| 082 | 0 | 0 |
_a625.7342 _bCOR _cD |
| 110 | 1 |
_aCanada. _938742 |
|
| 245 | 1 | 4 |
_aThe metal culvert industry, Ontario and Quebec. _bReport in the matter of an inquiry relating to the production, manufacture, sale and supply of corrugated metal pipe and related products. |
| 260 |
_aOttawa, _c1970. |
||
| 300 |
_avii, 64 p. _c25 cm. |
||
| 490 | 1 | _aRestrictive Trade Practices Commission. RTPC no. 52, series 1959 | |
| 526 |
_a0 _b0 _c0 _d625_734200000000000_COR |
||
| 650 | 0 |
_aCulverts. _93093 |
|
| 650 | 0 |
_aMCE _9379 |
|
| 650 | 0 |
_aSteel pipe industry _zCanada. _943690 |
|
| 942 |
_2ddc _cBK |
||
| 999 |
_c547498 _d547498 |
||